Energetický management budov /

Hlavní autor: Pojar, Jan
Další autoři: Karásek, Jiří, 1980-, Bačovský, Michal, Kvasnica, Jakub, Medová, Lucie, 1991-
Jazyk: Čeština
Vydáno: Praha : České vysoké učení technické v Praze, 2020
Vydání: Vydání: první
Témata:
Fyzický popis: 120 stran : ilustrace (převážně barevné), mapy ; 21 cm
Knihy
Uloženo v:
LEADER 02338nam a2200625 i 4500
001 nkc20213307227
003 CZ PrNK
005 20250613130616.0
007 ta
008 210210s2020 xr ab f 000 0 cze
015 |a cnb003307227 
020 |a 978-80-01-06683-6  |q (brožováno) 
035 |a (OCoLC)1260124199 
040 |a BOA001  |b cze  |d OLA001  |e rda 
043 |a e-xr--- 
072 7 |a 69  |x Stavebnictví  |2 Konspekt  |9 19 
080 |a 697.11  |2 MRF 
080 |a 697.11:[64.066.22-022.221]  |2 MRF 
080 |a 69:502.131.1  |2 MRF 
080 |a 620.9:330.567.25  |2 MRF 
080 |a 620.9:338.23  |2 MRF 
080 |a (437.3)  |2 MRF 
080 |a (048.8:082)  |2 MRF 
100 1 |a Pojar, Jan  |7 ola20251264778  |4 aut 
245 1 0 |a Energetický management budov /  |c Jan Pojar, Jiří Karásek, Michal Bačovský, Jakub Kvasnica, Lucie Medová 
250 |a Vydání: první 
264 1 |a Praha :  |b České vysoké učení technické v Praze,  |c 2020 
300 |a 120 stran :  |b ilustrace (převážně barevné), mapy ;  |c 21 cm 
336 |a text  |b txt  |2 rdacontent 
337 |a bez média  |b n  |2 rdamedia 
338 |a svazek  |b nc  |2 rdacarrier 
500 |a 200 výtisků 
504 |a Obsahuje bibliografii 
650 0 7 |a energetická náročnost budov  |7 ph358651  |2 czenas 
650 0 7 |a energeticky úsporné domy  |7 ph589580  |2 czenas 
650 0 7 |a udržitelná výstavba  |7 ph693671  |2 czenas 
650 0 7 |a energetické úspory  |7 ph202532  |2 czenas 
650 0 7 |a energetická politika  |7 ph136852  |z Česko  |2 czenas 
650 0 9 |a energy intensiveness of buildings  |2 eczenas 
650 0 9 |a energy saving buildings  |2 eczenas 
650 0 9 |a sustainable construction  |2 eczenas 
650 0 9 |a energy savings  |2 eczenas 
650 0 9 |a energy policy  |z Czechia  |2 eczenas 
653 0 |a energetický management  |a energetická chudoba 
655 7 |a kolektivní monografie  |7 fd501537  |2 czenas 
655 9 |a collective monographs  |2 eczenas 
700 1 |a Karásek, Jiří,  |d 1980-  |7 ctu2013765610  |4 aut 
700 1 |a Bačovský, Michal  |7 xx0260573  |4 aut 
700 1 |a Kvasnica, Jakub  |7 ola20221144904  |4 aut 
700 1 |a Medová, Lucie,  |d 1991-  |7 ola20251264805  |4 aut 
910 2 |a BOA001  |b 2-1460.866 
990 |a BK 
995 |a 01 
991 |b 202105  |c NOV 
996 6 |b 2610858048  |c 2-1460.866  |l MZK  |r Sklad / do 1 hodiny  |n 2  |p p.v.  |w 001844295  |u 000010  |a 1  |e BOA001  |j MZK50  |s P